MARTINE: AU PARCA LA MAISON A'LA FARME PREND LE TRAINE 5 VOTS, TEXTE ET EMAGES / (Record no. 16447)
[ view plain ]
| 000 -الفاتح | |
|---|---|
| حقل البيانات ثابتة الطول | 00422nam a2200145Ia 4500 |
| 008 - عناصر البيانات ثابتة الطول - معلومات عامة | |
| حقل البيانات ثابتة الطول | 140319s9999 xx 000 0 eng d |
| 040 ## - مصدر الفهرسة | |
| وكالة الفهرسة الأصلية | GCL / |
| وكالة النسخ | GCL |
| 082 04 - رقم تصنيف ديوى العشرى | |
| رقم التصنيف | 027.625 |
| رقم المادة | D M |
| 100 1# - المدخل الرئيسى - إسم شخصى | |
| الإسم الشخصى | DELAHAYE, GILBERT |
| 245 10 - بيان العنوان | |
| العنوان | MARTINE: AU PARCA LA MAISON A'LA FARME PREND LE TRAINE 5 VOTS, TEXTE ET EMAGES / |
| بيان المسئوليه,etc | DELAHAYE, GILBERT |
| 700 1# - المدخل الاضافى - اسم شخصى | |
| الإسم الشخصى | MARLIER, MARCEL |
| 650 04 - المدخل الاضافى بالموضوع-مصطلح موضوعى | |
| مصطلح موضوعي | LIBRARY OF CHILDS |
| 942 ## - عناصر المدخل الإضافي( كوها) | |
| مصدر التصنيف او مخطط الترفيف | Dewey Decimal Classification |
| Koha [default] item type | كتاب |
| حالة التراجع | حالة الفقد | حالة تلف | ليس للاعارة | المكان المؤقت | الموقع الحالى | تاريخ الاكتساب | اجمالي اﻻعارات | رقم الطلب | الباركود | تاريخ اخر مشاهدة | تاريخ تفعيل السعر | نوع وعاء كوها |
|---|---|---|---|---|---|---|---|---|---|---|---|---|
| مكتبة القاهرة الكبرى | مكتبة القاهرة الكبرى | 03/26/2014 | 027.625\D M | 29866 | 03/26/2014 | 03/26/2014 | كتاب | |||||
| مكتبة القاهرة الكبرى | مكتبة القاهرة الكبرى | 03/26/2014 | 027.625\D M | 29867 | 03/26/2014 | 03/26/2014 | كتاب | |||||
| مكتبة القاهرة الكبرى | مكتبة القاهرة الكبرى | 03/26/2014 | 027.625\D M | 29868 | 03/26/2014 | 03/26/2014 | كتاب | |||||
| مكتبة القاهرة الكبرى | مكتبة القاهرة الكبرى | 03/26/2014 | 027.625\D M | 29869 | 03/26/2014 | 03/26/2014 | كتاب | |||||
| مكتبة القاهرة الكبرى | مكتبة القاهرة الكبرى | 03/26/2014 | 027.625\D M | 29870 | 03/26/2014 | 03/26/2014 | كتاب |

